00504 2200193 4500001002100000005001500021035002000036007000300056008003900059082000700098084001300105100000900118245007600127250001000203260004600213300002400259600001200283990001500295INLIS00000000000990320260424073628 a0010-0426000340ta260424 | | |  a12 a12 BEB s0 aBEBY1 aSTRATEGI PROMOSI PADA USAHA CATERING TAHASAK MIWAN PALANGKARAYA /cBEBY aCet 1 aPalangka Raya :bPerpustakaan UMPR,c2022 axi, 52 hlm :bilus. 4aSKRIPSI a1812019429